Covenant strength in shopping centres (Record no. 80745)

MARC details
000 -LEADER
fixed length control field 01238cab a22002175a 4500
001 - CONTROL NUMBER
control field L145239
008 - FIXED-LENGTH DATA ELEMENTS--GENERAL INFORMATION
fixed length control field 080918e2008 xxkad f s 000 0 eng d
035 ## - SYSTEM CONTROL NUMBER
System control number (Sirsi) u145239
041 0# - LANGUAGE CODE
Language code of text/sound track or separate title eng
100 1# - MAIN ENTRY--PERSONAL NAME
Personal name Hutchison, Norman
245 00 - TITLE STATEMENT
Title Covenant strength in shopping centres
Remainder of title a diversified risk?
260 ## - PUBLICATION, DISTRIBUTION, ETC.
Date of publication, distribution, etc. 2008
490 #0 - SERIES STATEMENT
Series statement Journal of Property Investment and Finance
Volume/sequential designation 26(4) 2008, 329-341(13)
520 ## - SUMMARY, ETC.
Summary, etc. Considers the volatility of covenant strength risk ratings in the top 25 UK retailers from 2002-2006 and analyses the credit risk scores for these retailers. Finds that there are important variations on covenant strength which represents financial risks for investors. Also shows how tenant change vacancies can impact on the overall risk profile of shopping centres. Concludes that the contribution of risk factors, such as covenant strength, is not well covered in the literature. This analysis could potentially identify likely defaulters at an early stage, thus improving the decision making process.
590 ## - LOCAL NOTE (RLIN)
Local note KA
651 #4 - SUBJECT ADDED ENTRY--GEOGRAPHIC NAME
Geographic name United Kingdom
Chronological subdivision
690 ## - LOCAL SUBJECT ADDED ENTRY--TOPICAL TERM (OCLC, RLIN)
Topical term or geographic name as entry element PROPERTY-PROPERTY FINANCE AND INVESTMENT-PROPERTY INVESTMENT MANAGEMENT
700 1# - ADDED ENTRY--PERSONAL NAME
Personal name Adair, Alastair
700 1# - ADDED ENTRY--PERSONAL NAME
Personal name McWilliam, Julie
942 ## - ADDED ENTRY ELEMENTS (KOHA)
Suppress in OPAC 0
Holdings
Withdrawn status Lost status Source of classification or shelving scheme Damaged status Not for loan Home library Current library Shelving location Date acquired Total Checkouts Full call number Barcode Date last seen Copy number Price effective from Koha item type
    Dewey Decimal Classification     London London Journal article 18/09/2008   L145239 145239-1001 06/08/2019 1 06/08/2019 Journal article